Close-Up TV Shows Quiz Stats

 Plays Quiz Updated Jul 7, 2017

Support Sporcle.
Go Orange.
Score 0/24 Timer 06:00
0 Plays Today
% Correct
The Big Bang Theory
95.3%
Game of Thrones
90.9%
Friends
90.5%
2 Broke Girls
90%
Breaking Bad
88.5%
Sherlock
83.6%
Parks and Recreation
83.4%
Downton Abbey
76.5%
It's Always Sunny in Philadelphia
71.2%
NCIS
69.9%
MythBusters
69.5%
The Walking Dead
65.4%
% Correct
Mad Men
63.1%
Heroes
62.7%
Desperate Housewives
60.7%
Boardwalk Empire
59.7%
Friday Night Lights
50.2%
Pretty Little Liars
47.8%
Veronica Mars
40.9%
The Wire
32.5%
Ray Donovan
24.6%
True Detective
22.7%
Blindspot
21.6%
Penny Dreadful
17.1%

You're not logged in!

Compare scores with friends on all Sporcle quizzes.
OR
Log In
Forgot?

From the Vault

One-Minute Crossword XXVII

by Qaqaq

The clock is ticking!
Remove Ads.
Support Sporcle.
Get the best of Sporcle when you Go Orange. This ad-free experience offers more features, more stats, and more fun while also helping to support Sporcle. Thank you for becoming a member.

Show Comments

Extras

Top Quizzes Today


Score Distribution

Your Account Isn't Verified!

In order to create a playlist on Sporcle, you need to verify the email address you used during registration. Go to your Sporcle Settings to finish the process.

Report this User

Report this user for behavior that violates our Community Guidelines.

Details: